| 000 | 00384 a2200145 4500 | ||
|---|---|---|---|
| 999 |
_c12927 _d12927 |
||
| 003 | OSt | ||
| 005 | 20240718194535.0 | ||
| 008 | 240718b ||||| |||| 00| 0 eng d | ||
| 020 | _a 978-9887757351 | ||
| 082 | _a[686.225] | ||
| 100 | _a Charlotte Fiell (Editor) | ||
| 245 | _aLAYOUT NOW: The Arrangement of Text&Graphics | ||
| 260 |
_bendpoints Publishing Co _c2017 |
||
| 942 | _2ddc | ||